000 02025cam a22003614a 4500
001 14692213
005 20081105124328.0
008 070108s2008 maua |r 000 0 eng
010 _a 2007000618
020 _a9780763740399
020 _a076374039X
035 _a(OCoLC)ocm77830270
035 _a(OCoLC)77830270
040 _aDNLM/DLC
_cDLC
_dBTCTA
_dBAKER
_dGK8
_dC#P
_dYDXCP
_dDLC
042 _apcc
050 0 0 _aRT55
_b.C415 2008
082 0 0 _a610.73076
_222
_bCHE
100 1 _aChernecky, Cynthia C.
_912273
245 1 0 _aNCLEX-RN Review Guide :
_bTop Ten Questions for Quick Review /
_cCynthia Chernecky, Nancy Stark, Lori Schumacher.
260 _aSudbury, Mass. :
_bJones and Bartlett Publishers, 2008
_cc2008.
300 _aix, 378 p. :
_bill. ;
_c28 cm.
505 0 _aTop ten review -- Care of the childbearing family and the neonate -- Care of children -- Care of adults -- Care of patients with psychiatric and mental health problems -- Trends and current issues in nursing -- Math, dosage calculations, and related problems -- Care of patients with diabetes -- Care of patients with orthopedic problems -- Care of patients with hypertension and cardiac problems.
650 0 _aNurses
_xLicenses
_vStudy guides.
_912274
650 0 _aNursing
_vExaminations, questions, etc.
_912275
650 2 _aNursing
_vExamination Questions.
_912276
700 1 _aStark, Nancy,
_d1956-
_912277
700 1 _aSchumacher, Lori.
_912278
856 4 1 _3Table of contents only
_uhttp://www.loc.gov/catdir/toc/ecip078/2007000618.html
942 _2ddc
_cNRB
999 _c13587
_d13587